| 000 | 00527cam a22001451 4500 | ||
|---|---|---|---|
| 082 |
_a629.254 _bCRO _cL-17, P-3 |
||
| 100 | 1 | _aCrouse, William Harry, | |
| 245 | 1 | 0 |
_aAutomotive electrical equipment, _bits operation and maintenance, _cby William H. Crouse. |
| 260 |
_aNew York, _aLondon, _bMcGraw-Hill book company, inc. _c[c1942] |
||
| 300 |
_a5 p. l., 232 p. _billus., diagrs. _c24 cm. |
||
| 526 |
_a0 _b0 _c0 _d629_254000000000000_CRO |
||
| 650 | 0 |
_aAutomobiles _xElectric equipment. _944430 |
|
| 650 | 0 |
_aMCE _9379 |
|
| 942 |
_2ddc _cBK |
||
| 999 |
_c548217 _d548217 |
||